000 01011nam a22003017a 4500
001 5169
003 FISKH
005 20241108122519.0
008 241108b cb ||||| |||| 00| 0 eng d
020 _a9780439944588
040 _aFISKH
_beng
_cFISKH
_dFISKH
050 _aQE521.3
082 _a551.21
100 _aGaneri, Anita
245 _aViolent Volcanoes /
_cby Anita Ganeri : illustrated by Mike Phillips
260 _aNew York :
_bScholastic ;
_c1999 .
300 _a128 pages :
_billustrations;
_c21 cm .
490 _aHorrible Geography
505 _aZ
520 _aWhere in the world can you find red-hot volcanic rocks the size of cars? Visit geysers that could boil you alive? Sniff some stinky sulfur? Get the facts in Violent Volcanoes!
521 8 _a930
_bLexile IG
521 8 _aZ
_bRaz-Plus
650 _avolcanoes
_vnon-fiction
650 _a natural disasters
_vnon-fiction
700 _aPhillips , Mike
_dillustrator
942 _2ddc
_cBK
_n0
999 _c5169
_d5169